<?xml version="1.0" encoding="UTF-8"?><?xml-stylesheet type="text/xsl" href="static/style.xsl"?><OAI-PMH xmlns="http://www.openarchives.org/OAI/2.0/" xmlns:xsi="http://www.w3.org/2001/XMLSchema-instance" xsi:schemaLocation="http://www.openarchives.org/OAI/2.0/ http://www.openarchives.org/OAI/2.0/OAI-PMH.xsd"><responseDate>2026-04-14T06:14:07Z</responseDate><request verb="GetRecord" identifier="oai:www.recercat.cat:2117/445291" metadataPrefix="marc">https://recercat.cat/oai/request</request><GetRecord><record><header><identifier>oai:recercat.cat:2117/445291</identifier><datestamp>2026-02-06T03:26:25Z</datestamp><setSpec>com_2072_1033</setSpec><setSpec>col_2072_452950</setSpec></header><metadata><record xmlns="http://www.loc.gov/MARC21/slim" xmlns:dcterms="http://purl.org/dc/terms/" xmlns:xsi="http://www.w3.org/2001/XMLSchema-instance" xmlns:doc="http://www.lyncode.com/xoai" xsi:schemaLocation="http://www.loc.gov/MARC21/slim http://www.loc.gov/standards/marcxml/schema/MARC21slim.xsd">
   <leader>00925njm 22002777a 4500</leader>
   <datafield ind2=" " ind1=" " tag="042">
      <subfield code="a">dc</subfield>
   </datafield>
   <datafield ind2=" " ind1=" " tag="720">
      <subfield code="a">Giró Paloma, Jessica</subfield>
      <subfield code="e">author</subfield>
   </datafield>
   <datafield ind2=" " ind1=" " tag="720">
      <subfield code="a">Mañosa Bover, Jofre</subfield>
      <subfield code="e">author</subfield>
   </datafield>
   <datafield ind2=" " ind1=" " tag="720">
      <subfield code="a">Maldonado Alameda, Alex</subfield>
      <subfield code="e">author</subfield>
   </datafield>
   <datafield ind2=" " ind1=" " tag="720">
      <subfield code="a">Alfocea Roig, Anna</subfield>
      <subfield code="e">author</subfield>
   </datafield>
   <datafield ind2=" " ind1=" " tag="720">
      <subfield code="a">Huete Hernández, Sergio</subfield>
      <subfield code="e">author</subfield>
   </datafield>
   <datafield ind2=" " ind1=" " tag="720">
      <subfield code="a">Chimenos Ribera, Josep Maria</subfield>
      <subfield code="e">author</subfield>
   </datafield>
   <datafield ind2=" " ind1=" " tag="720">
      <subfield code="a">Formosa Mitjans, Joan</subfield>
      <subfield code="e">author</subfield>
   </datafield>
   <datafield ind2=" " ind1=" " tag="260">
      <subfield code="c">2025-09-01</subfield>
   </datafield>
   <datafield ind2=" " ind1=" " tag="520">
      <subfield code="a">Magnesium potassium phosphate cement (MKPC), a type of chemically bonded phosphate ceramic (CBPC), presents a promising alternative to ordinary Portland cement (OPC). This study focuses on developing sustainable MKPC (sust-MKPC) as a thermally passive material for building applications. A low-grade magnesium oxide (LG-MgO) industrial by-product was utilized to formulate sust-MKPC, with hydrogen peroxide employed as an air-entraining agent (AEA) to induce high porosity and enhance thermal insulation while supporting sustainability goals by reducing energy consumption in climate control systems. Seven formulations incorporating varying hydrogen peroxide contents (0, 1, 2, 3, 5, 7.5, and 10 wt.%) were prepared to evaluate the impact of AEA on the thermal and physicomechanical properties. Comprehensive characterization, including porosity and thermal conductivity measurements, revealed that increasing the AEA content significantly improved thermal inertia and lowered thermal conductivity due to porosity. However, this enhancement was accompanied by a marked reduction in mechanical strength and density, highlighting the trade-off between thermal performance and structural integrity in porous sust-MKPC formulations.</subfield>
   </datafield>
   <datafield ind2=" " ind1=" " tag="520">
      <subfield code="a">The authors of the Universitat de Barcelona would like to thank the Catalan Government for the quality accreditation given to their research group DIOPMA (2021 SGR 00708). DIOPMA is a certified agent of TECNIO in the category of technology developers from the Government of Catalonia. The authors acknowledge the support of CYTED Network ECoEICo-Circular Economy as a Strategy for a More Sustainable Construction Industry and the COST Action CircularBImplementation of a Circular Economy in the Built Environment.
This research was supported by the Spanish Government with the Grant PID2021-125810OBC21 funded by MCIN/AEI/10.13039/501100011033 and by “ERDF A way of making Europe”, and with the grant CNS2022-135800 funded by MICIU/AEI/10.13039/501100011033 and by the “European Union NextGenerationEU/PRTR”. The authors would like to thank the Catalan Government for the quality accreditation and funding given to their research group DIOPMA (2021 SGR 00708).
This work is also partially supported by Magnesitas Navarras, S.A. (FBG312160).</subfield>
   </datafield>
   <datafield ind2=" " ind1=" " tag="520">
      <subfield code="a">Peer Reviewed</subfield>
   </datafield>
   <datafield ind2=" " ind1=" " tag="520">
      <subfield code="a">Postprint (published version)</subfield>
   </datafield>
   <datafield tag="653" ind2=" " ind1=" ">
      <subfield code="a">Àrees temàtiques de la UPC::Enginyeria civil::Materials i estructures</subfield>
   </datafield>
   <datafield tag="653" ind2=" " ind1=" ">
      <subfield code="a">MKPC</subfield>
   </datafield>
   <datafield tag="653" ind2=" " ind1=" ">
      <subfield code="a">Hydrogen peroxide</subfield>
   </datafield>
   <datafield tag="653" ind2=" " ind1=" ">
      <subfield code="a">Porosity</subfield>
   </datafield>
   <datafield tag="653" ind2=" " ind1=" ">
      <subfield code="a">Thermal insulation</subfield>
   </datafield>
   <datafield tag="653" ind2=" " ind1=" ">
      <subfield code="a">Thermal conductivity</subfield>
   </datafield>
   <datafield ind2="0" ind1="0" tag="245">
      <subfield code="a">Development of alternative porous magnesium potassium phosphate cements as thermal insulating materials</subfield>
   </datafield>
</record></metadata></record></GetRecord></OAI-PMH>